| 000 | 00488nam a22001577a 4500 | ||
|---|---|---|---|
| 999 |
_c9351 _d9351 |
||
| 008 | 210405b ||||| |||| 00| 0 eng d | ||
| 040 | _aBMS College of Architecture | ||
| 100 | _aRajitha, J, Sridevi | ||
| 245 | _aInternationa Convention centre | ||
| 300 | _aNA | ||
| 500 | _a95BG064 | ||
| 502 |
_8B.Arch _NBMS College of Architecture, Visvesvaraya Technological University _aProject report _d2003 |
||
| 650 | _aconvention centre | ||
| 700 |
_aRama Subramaniam _eGuide |
||
| 942 |
_2ddc _cTHE |
||